European Languages by Text - Statistics

General Stats
  • This quiz has been taken 204 times
  • The average score is 14 of 20
Answer Stats
Hint Answer % Correct
Hello! This is an example. English
99%
Hola! Esto es un ejemplo. Spanish
99%
Ciao! Questo è un esempio. Italian
95%
Salut! Ceci est un exemple. French
94%
Hallo! Dies ist ein beispiel. German
94%
Witaj! To jest przykład. Polish
91%
Olá! Isto é um exemplo. Portuguese
90%
Hallo! Dit is een voorbeeld. Dutch
89%
Hej! Detta är ett exempel. Swedish
79%
Hei! Tämä on esimerkki. Finnish
76%
Zdravo! Ovo je primjer. Croatian
62%
Salut! Acesta este un exemplu. Romanian
62%
Halló! Þetta er dæmi. Icelandic
61%
Szia! Ez egy példa. Hungarian
56%
Përshëndetje! Ky është një shembull. Albanian
51%
Ahoj! Toto je príklad. Slovak
51%
Sveiki! Tai yra pavyzdys. Lithuanian
39%
Dia dhuit! Seo sampla. Gaelic
34%
Bongu! Dan huwa eżempju. Maltese
28%
Helo! Dyma enghraifft. Welsh
24%
No matching quizzes found
Score Distribution
Percent of People with Each Score
Percentile by Number Answered
Your Score History
You have not taken this quiz